|
|
|
|
| LEADER |
00000cam a2200000 7i4500 |
| 001 |
0000055349 |
| 005 |
20151117.0 |
| 008 |
151117 |
| 020 |
|
|
|a 9789673223657
|
| 090 |
0 |
0 |
|a 598.826
|b MUL
|
| 100 |
1 |
|
|a A.Hendri Mulia
|
| 245 |
1 |
0 |
|a Strategi Jitu Memikat Walet
|c A.Hendri Mulia
|
| 260 |
|
|
|a Kuala Lumpur :
|b SynergyMedia
|
| 300 |
|
|
|a 76pg
|
| 650 |
|
0 |
|a Birds
|x Juvenile
|
| 999 |
|
|
|a 0001166045
|b Book
|c Adult Collection
|e Cawangan Bandar Penawar
|
| 999 |
|
|
|a 0001166046
|b Book
|c Adult Collection
|e Cawangan Bukit Gambir
|
| 999 |
|
|
|a 0001166049
|b Book
|c Adult Collection
|e Cawangan Tangkak
|
| 999 |
|
|
|a 0001166052
|b Book
|c Adult Collection
|e Cawangan Muar
|
| 999 |
|
|
|a 0001166053
|b Book
|c Adult Collection
|e Cawangan Segamat
|
| 999 |
|
|
|a 0001166056
|b Book
|c Adult Collection
|e Cawangan Pontian
|
| 999 |
|
|
|a 0001166058
|b Book
|c Adult Collection
|e Cawangan Tmn. Ungku Tun Aminah
|